Nursing research : (Record no. 640)

MARC details
000 -LEADER
fixed length control field 00745cam a2200265 i 4500
005 - DATE AND TIME OF LATEST TRANSACTION
control field 20260322212028.0
008 - FIXED-LENGTH DATA ELEMENTS--GENERAL INFORMATION
fixed length control field data
010 ## - LIBRARY OF CONGRESS CONTROL NUMBER
LC control number 78018493
020 ## - INTERNATIONAL STANDARD BOOK NUMBER
International Standard Book Number 0397542208
020 ## - INTERNATIONAL STANDARD BOOK NUMBER
International Standard Book Number 9780397542208
040 ## - CATALOGING SOURCE
Original cataloging agency DLC
Transcribing agency DLC
Modifying agency CtY-M
050 0# - LIBRARY OF CONGRESS CALL NUMBER
Classification number RT81.5
Item number .P64
060 ## - NATIONAL LIBRARY OF MEDICINE CALL NUMBER
Classification number WY20.5 P796n
096 ## - LOCALLY ASSIGNED NLM-TYPE CALL NUMBER (OCLC)
Classification number WY 20.5 P796n 1978
001 - CONTROL NUMBER
control field data
100 1# - MAIN ENTRY--PERSONAL NAME
Personal name Polit, Denise F.
245 10 - TITLE STATEMENT
Title Nursing research :
Remainder of title principles and methods /
Statement of responsibility, etc. Denise F. Polit & Bernadette P. Hungler.
260 0# - PUBLICATION, DISTRIBUTION, ETC.
Place of publication, distribution, etc. Philadelphia :
Name of publisher, distributor, etc. Lippincott,
Date of publication, distribution, etc. c1978.
300 ## - PHYSICAL DESCRIPTION
Extent xx, 663 p. :
Other physical details ill. ;
Dimensions 24 cm.
504 ## - BIBLIOGRAPHY, ETC. NOTE
Bibliography, etc. note Includes bibliographical references and index.
650 #0 - SUBJECT ADDED ENTRY--TOPICAL TERM
Topical term or geographic name entry element Nursing
General subdivision Research.
650 #2 - SUBJECT ADDED ENTRY--TOPICAL TERM
Topical term or geographic name entry element Nursing.
650 #2 - SUBJECT ADDED ENTRY--TOPICAL TERM
Topical term or geographic name entry element Research.
700 1# - ADDED ENTRY--PERSONAL NAME
Personal name Hungler, Bernadette P.
Holdings
Withdrawn status Lost status Damaged status Not for loan Home library Current library Shelving location Date acquired Total checkouts Full call number Barcode Date last seen Price effective from Koha item type
        Riverside Riverside General stacks 22/03/2026   RT81.5 .P64 BC0010657 22/03/2026 22/03/2026 Books